00696nam a2200181 i 450000100060000000300090000600500170001500700030003200800410003510000300007624501140010626000540022030000410027470000310031585200310034699900170037795201200039435508ES-MaACL20230906155137.0t|030213s1947 sp ||||1| spa d1 aBonaventura, Enzo.93008210aIntroducción al psicoanálisis / cpor Enzo Bonaventura ; traducción del italiano por Juan G. de Luaces. aBarcelona : bApolo, c[1947] (fD.E.F. y Cía.) a319 p., 11 lám. : bil. ; c19 cm.1 aLuaces, Juan G. de.974483 aES-MaACLjC-4451 bR.24293 c35508d35508 00104070aATENEOMbATENEOMcSPALd2008-01-17eSCl0oC-4451p1037161r2023-02-23 00:00:00w2023-02-23yMONOGRAFIA